000 00454nam a2200193Ia 4500
003 OSt
005 20230426154439.0
008 210423s2009 xx 000 0 und d
020 _a9788181281357
040 _cAL
041 _aeng
082 _a514
_223
_bARMM
100 _aARMSTRONG (M A).
_993583
245 _aBasic topology.
260 _aNew Delhi
_bSpringer Pvt Ltd
_c2009
300 _axii,254
_bPB
365 _b275
_cINR
942 _2ddc
_cBK
999 _c161150
_d161150